书目信息 |
| 题名: |
国外林业产业政策
|
|
| 作者: | 林凤鸣 主编 | |
| 分册: | ||
| 出版信息: | 北京 中国林业出版社 1996.05 |
|
| 页数: | 351页 | |
| 开本: | 16开 | |
| 丛书名: | ||
| 单 册: | ||
| 中图分类: | F316.20 | |
| 科图分类: | ||
| 主题词: | 农业经济--世界 | |
| 电子资源: | ||
| ISBN: | 7-5038-1631-7 | |
| 000 | 00566nam0 2200193 45 | |
| 001 | 0008021067 | |
| 005 | 20001225154225.2 | |
| 010 | @a7-5038-1631-7@d30.00元 | |
| 100 | @a20000802d1996 km y0chiy0120 ea | |
| 101 | 0 | @achi |
| 105 | @a z 000yy | |
| 200 | 1 | @a国外林业产业政策@AGuo Wai Lin Ye Chan Ye Zheng Ce@f林凤鸣主编@FLin Feng Ming Zhu Bian |
| 210 | @a北京@c中国林业出版社@d1996.05 | |
| 215 | @a351页@d16开 | |
| 606 | 0 | @a农业经济@x世界 |
| 690 | @aF316.20@v3 | |
| 701 | 0 | @a林凤鸣@4主编 |
| 801 | @aCN@bPftUser@c20000802 | |
| 905 | @dF316.20@eL526@b312114-115@f2 | |
| 国外林业产业政策/林凤鸣主编.-北京:中国林业出版社,1996.05 |
| 351页;16开 |
| ISBN 7-5038-1631-7:30.00元 |
| ● |
| 相关链接 |
|
|
|
正题名:国外林业产业政策
索取号:F316.20/L526
 
预约/预借
| 序号 | 登录号 | 条形码 | 馆藏地/架位号 | 状态 | 备注 |
| 1 | 312114 | 203121148 | 社科库409/422社科库 37排4列2层/ [索取号:F316.20/L526] | 在馆 | |
| 2 | 312115 | 203121157 | 社科库409/422社科库 37排4列2层/ [索取号:F316.20/L526] | 在馆 |